Most streamed songs : Lost Frequencies - Statistics

General Stats
  • This quiz has been taken 18 times
    10 since last reset
  • The average score is 3 of 10
Answer Stats
Streams Song % Correct
916 500 000 Reality (with Janieck)
88%
1 393 000 000 Are You With Me
63%
1 678 000 000 Where Are You Now (with Calum Scott)
50%
450 000 000 Black Friday (pretty like the sun) [with Tom Odell]
25%
302 500 000 Crazy (with Zonderling)
25%
270 000 000 The Feeling (with Bonn)
25%
289 000 000 Back To You (with Elley Duhé and X Ambassadors)
13%
182 000 000 Melody (with James Blunt)
13%
158 000 000 Love To Go (with Kelvin Jones and Zonderling)
0%
164 000 000 Rise
0%
No matching quizzes found
Score Distribution
Percent of People with Each Score
Percentile by Number Answered
Your Score History
You have not taken this quiz since the last reset